01750cam a22003857a 4500003000500000005001700005008004100022010001000063011001000073035001000083040000900093090001000102100003100112245020700143260004000350300001700390502009900407590003700506590004100543590004100584590004100625590004200666650004500708650004700753650002700800901000700827942000900834949003500843949004000878949004000918999001700958952013100975952013101106952012701237CHAP20220329135110.0971013s1983 r 00010 d a30900 a31872 a35984 cCHAP aTesis00aNava Vargas, Lauro.98048813aLa exposición a la información y factores que influyen en la percepción de problemas técnico-agricolas en maíz por los productores del Distrito de Riego No. 19 del Itsmo de Tehuantepec, Oaxaca aChapingo, Méx. :bEl autor,c1983 a171 h. mapas aTesis (M. C. Esp. en Desarrollo Rural) -- Colegio de Postgraduados. Centro de Desarrollo Rural aALEPHb10c20130110lUCH01h1252 aBATCH-UPDb10c20130110lUCH01h2053 aBATCH-UPDb10c20130410lUCH01h1407 aBATCH-UPDb10c20130914lUCH01h1209 aCONVERSIONb10c20130109lUCH01h131814aAgriculturaxTrabajadoresxOaxaca.9187014aDistrito de Riego Tehuantepec, Oax.93294314aMaízzOaxaca.971100 aBK cFOLL bBCcTESd-83039eTS1i35984si bBCcTESd-83041eTS2fc.2i35984si bBCcTESd-83042eTS2fc.3i35984si c30900d30900 00102local4053708TESISaBCbBCcPA_TESISd2012-12-17fFOLLl0oTesisp-83041r2019-12-31 00:00:00tc.2w2019-12-31yTESIS 00102local4053708TESISaBCbBCcPA_TESISd2012-12-17fFOLLl0oTesisp-83042r2019-12-31 00:00:00tc.3w2019-12-31yTESIS 00102local4051708TESISaBCbBCcPA_TESISd2012-12-17fTESISl0oTesisp-83039r2019-12-31 00:00:00w2019-12-31yTESIS